| 000 | 00805cam a2200277 4500 | ||
|---|---|---|---|
| 001 | 1644 | ||
| 003 | BD-RjUL | ||
| 005 | 20211208233358.0 | ||
| 008 | 131124s1974 nyu b 001 0 eng | ||
| 020 | _a0231038771 | ||
| 035 | _a(BD-RjUL)1671 | ||
| 040 |
_aDLC _cDLC _dOCoLC _dDLC _dBD-RjUL _beng |
||
| 041 | _aeng | ||
| 082 | 0 | 0 |
_a170.9 _bHAT 1974 |
| 100 | 1 |
_aHancock, Roger N. _d1929- _95435 |
|
| 245 | 1 | 0 |
_aTwentieth century ethics / _cRoger N. Hancock. |
| 260 |
_aNew York : _bColumbia University Press, _cc1974. |
||
| 300 |
_avii, 240 p. ; _c23 cm. |
||
| 504 | _aBibliography: p. [231]-236. | ||
| 504 | _aIncludes index. | ||
| 650 | 0 |
_aEthics _zGreat Britain _xHistory. _95436 |
|
| 650 | 0 |
_aEthics _zUnited States _xHistory. _95437 |
|
| 942 |
_2ddc _cBK |
||
| 999 |
_c1644 _d1644 |
||